000 00317nam a2200133Ia 4500
008 231129s1987||||xx |||||||||||||| ||spa||
040 _bspa
082 _aCo864 R934s
100 _aRuí­z Jorge Eliécer
245 0 _aSociedad y cultura
260 _c1987
264 _aInstituto Caro y Cuervo
942 _2ddc
_cBKS
999 _c24748
_d24748